000
00233nam a22001097a 4500
082
_a
629.25 MOT'K
100
_a
KHOVAKH, M
_9
79463
245
_a
MOTOR VEHICLES ENGINES
260
_a
MOSCOW
_b
MIR
_c
1971
300
_a
619P
942
_c
BK
999
_c
584509
_d
584509